000 01067nam a22003377a 4500
001 BR2014003994
003 BR-BrBNA
005 20230928104451.0
007 ta
008 230509b bl.||||| |||| 00| 0 por d
040 _aBR-BrBNA
_bpor
_cBiblioteca Nacional de Agricultura
041 _a(Por)
072 _aE14
090 _ E14 BR2014003994
100 1 _aBalbino, L.C. (ed.)
100 1 _aMartínez, G.B. (ed.)
100 1 _aGalerani, P.R. (ed.)
110 1 _aEmpresa Brasileira de Pesquisa Agropecuária, Brasília, DF (Brasil)
110 1 _aMinistério da Agricultura, Pecuária e Abastecimento, Brasília, DF (Brasil)
245 1 _aAções de transferência de tecnologia de sistemas de integração lavoura-Pecuária-Floresta 2007-2011
250 1 _a1. ed.
260 3 _aBrasília, DF (Brasil):
_c2011.
500 _a67 illus.; 6 graphs
650 _aTRANSFERÊNCIA DE TECNOLOGIA
650 _aINTEGRAÇÃO
650 _aLAVOURA
650 _aPECUÁRIA
650 _aFLORESTA
909 _a202309
_bLucia
_c55
_dLucia Elande
942 _cBK
999 _c80073
_d80073